Transformácia výskumu a vývoja na Slovensku (1989-1996)
Problémy merania a štatistiky výskumu a vývoja (metodika OECD - Frascati Manual). Transformácia výskumu a vývoja v rokoch 1989-1992. Transformácia vedy v rokoch 1993-1996: zmeny v legislatívnej oblasti, zmeny v oblasti inštitucionálnych štruktúr, zmeny vo vecnej oblasti (personálne vybavenie, vývoj...
Enregistré dans:
| Auteur principal: | |
|---|---|
| Format: | Chapitre de livre |
| Langue: | slovaque |
| Sujets: | |
| Tags: |
Pas de tags, Soyez le premier à ajouter un tag!
|
MARC
| LEADER | 00000naa a2200000 4500 | ||
|---|---|---|---|
| 001 | r031800 | ||
| 005 | 20230921122920.8 | ||
| 041 | 0 | |a slo | |
| 044 | |a SK | ||
| 245 | 1 | 0 | |a Transformácia výskumu a vývoja na Slovensku (1989-1996) |c Štefan Zajac |
| 520 | |a Problémy merania a štatistiky výskumu a vývoja (metodika OECD - Frascati Manual). Transformácia výskumu a vývoja v rokoch 1989-1992. Transformácia vedy v rokoch 1993-1996: zmeny v legislatívnej oblasti, zmeny v oblasti inštitucionálnych štruktúr, zmeny vo vecnej oblasti (personálne vybavenie, vývoj finančných zdrojov). | ||
| 610 | 2 | 0 | |a výskum |
| 610 | 2 | 0 | |a vývoj |
| 610 | 2 | 0 | |a transformácia |
| 610 | 2 | 0 | |a Slovensko |
| 610 | 2 | 0 | |a legislatíva |
| 610 | 2 | 0 | |a ústavy vedecké |
| 610 | 2 | 0 | |a ústavy výskumné |
| 610 | 2 | 0 | |a pracovníci |
| 610 | 2 | 0 | |a zdroje finančné |
| 610 | 2 | 0 | |a 1989-1996 |
| 100 | 1 | |a Zajac, Štefan | |